Statistics for Runescape: All Fish

Click here to take the quiz!

General Stats

  • This quiz has been taken 63 times
  • The average score is 20 of 57

Answer Stats

CategoryFish% Correct
StandardSalmon
93%
StandardShrimp
91%
StandardTrout
91%
StandardShark
89%
StandardSwordfish
85%
StandardLobster
83%
StandardTuna
80%
StandardAnchovies
70%
StandardBass
63%
StandardManta Ray
59%
StandardSardine
59%
StandardCod
54%
StandardMonkfish
54%
StandardPike
52%
StandardLava Eel
50%
StandardRocktail
46%
StandardHerring
43%
StandardSea Turtle
43%
StandardCrayfish
41%
StandardCavefish
39%
StandardKarambwan
35%
DungeoneeringRedeye
33%
DungeoneeringDusk Eel
30%
DungeoneeringHeim Crab
30%
DungeoneeringSalve Eel
30%
DungeoneeringBlue Crab
28%
StandardCave Eel
26%
StandardRainbow Fish
26%
DungeoneeringGiant Flatfish
24%
StandardSailfish
24%
QuestBaron Shark
22%
DungeoneeringBouldabass
22%
StandardGreat White Shark
22%
StandardLeaping Sturgeon
22%
StandardLeaping Trout
22%
StandardCatfish
20%
DungeoneeringCave Moray
20%
StandardLeaping Salmon
20%
StandardMinnow
20%
StandardBlue Blubber Jellyfish
17%
StandardGreen Blubber Jellyfish
17%
DungeoneeringShort-Finned Eel
17%
StandardFrog Spawn
15%
StandardMackarel
15%
QuestTiger Shark
15%
DungeoneeringWeb Snipper
15%
StandardBeltfish
11%
StandardDesert Sole
11%
StandardMagnetic Minnow
11%
StandardSlimy Eel
11%
StandardWobbegong
11%
QuestFury Shark
9%
StandardSeerfish
9%
DungeoneeringVile Fish
9%
StandardSillago
7%
StandardTarpon
7%
StandardKaramwanji
2%

Score Distribution

Percentile by Number Answered

Percent of People with Each Score

Your Score History

You have not taken this quiz